| Tag |
First Indicator |
Second Indicator |
Subfields |
| LEADER |
00000cam a22000001 4500 |
| 001 |
in00000494021 |
| 005 |
20151013055827.0 |
| 008 |
710203s1954 nyua 00000 eng |
| 010 |
|
|
|a 54005500
|
| 035 |
|
|
|a (OCoLC)00121861
|
| 035 |
|
|
|9 ACC6453AM
|
| 040 |
|
|
|a DLC
|c DLC
|d TXA
|d UtOrBLW
|
| 049 |
|
|
|a TXAM
|c [1237477]
|
| 050 |
0 |
0 |
|a ND1059.3
|b .C5132
|
| 082 |
0 |
|
|a 741.9/52
|
| 240 |
1 |
0 |
|a Choju giga. English
|
| 245 |
0 |
4 |
|a The Animal frolic /
|c by Toba Sojo. [Text by Velma Varner].
|
| 264 |
|
1 |
|a New York :
|b Putnam,
|c [1954]
|
| 264 |
|
4 |
|c [©1954]
|
| 300 |
|
|
|a 48 unnumbered pages :
|b illustrations ;
|c 20 x 24 cm.
|
| 336 |
|
|
|a text
|b txt
|2 rdacontent
|
| 337 |
|
|
|a unmediated
|b n
|2 rdamedia
|
| 338 |
|
|
|a volume
|b nc
|2 rdacarrier
|
| 500 |
|
|
|a The illus. are reproduced from the Choju giga or Scrolls of animal caricatures, attributed to Toba Sojo (Kakuyu), which are in Kozan-ji, Kyoto.
|
| 630 |
0 |
0 |
|a Scrolls of frolicking animals and people.
|
| 700 |
0 |
|
|a Kakuyū,
|d 1053-1140.
|
| 700 |
1 |
|
|a Varner, Velma.
|
| 999 |
|
|
|a MARS
|
| 999 |
f |
f |
|s b803740d-40e4-3379-80c8-935186e1114a
|i 32c06987-db0c-3d09-bf01-f65ef9e73a87
|t 0
|
| 952 |
f |
f |
|p normal
|a Texas A&M University
|b College Station
|c Sterling C. Evans Library
|d Evans: Library Stacks
|t 0
|e ND1059.3 .C5132
|h Library of Congress classification
|i unmediated -- volume
|m A14803486757
|
| 998 |
f |
f |
|a ND1059.3 .C5132
|t 0
|l Evans: Library Stacks
|